Assertiones Ex Universa Philosophia Quas In Alma, Ac Celeberrima Archi-Episcopali Societatis Jesu Universitate Tyrnaviensi Anno Salutis M.DCC.LXIV. Mense Augusto

Bibliographic Details
Main Authors: Horvát, Michal, 1728-1810 (Author), Kozma, František Xaver, 1728-1806 (Author), Radič, Anton, 1726-1773 (Author)
Corporate Author: Akademická tlačiareň (Trnava, Slovensko) (Printer)
Other Authors: Adorján, Michael (Dissertant, Dedicator)
Format: Book
Language:Latin
PhysicalDescription:[16] s. 21 cm
Published: [Trnava] [Akademická tlačiareň] Anno Salutis M.DCC.LXIV. [=1764]
Subjects:

MARC

LEADER 00000cam a2200000 a 4500
001 vtls001260609
003 SK-MaSNL
005 20260426004251.0
008 180810s1764 xo 0 lat
015 |a SNBHFA 
035 |a SNK000211453 
040 |a SNK  |b slo  |c SNK  |e AACR2 
041 0 |a lat 
044 |a xo  |c SK 
072 7 |a 101  |x Filozofia  |2 konspekt 
080 |a 101  |2 2011 
100 1 |a Horvát, Michal,  |d 1728-1810  |4 aut  |9 158509 
245 1 0 |a Assertiones Ex Universa Philosophia  |b Quas In Alma, Ac Celeberrima Archi-Episcopali Societatis Jesu Universitate Tyrnaviensi Anno Salutis M.DCC.LXIV. Mense Augusto  |c propugnandas suscepit Rev. Nob. Ac Perdoctus Dominus Michael Adorián, AA. LL. & Philosophiae Baccalaureus, ac pro suprema ejusdem Laurea Candidatus Sem. Generalis Cleri Regni Hungar. Alumnus, Dioecesis Veszprimiensis ; Ex Praelectionibus R.P. Michaelis Horváth, E S.J. AA. LL. & Philos. Doct. ejusdem Prof. Publ. Ordin. R.P. Franc. Xav. Kozma, E S.J. AA. LL. & Philos Doct. Ethices Prof. Publ. Ordin. R.P. Antonii Radics, E S.J. AA. LL. & Philos. Mathes. Prof. Publ. Ord. 
260 |a [Trnava]  |b [Akademická tlačiareň]  |c Anno Salutis M.DCC.LXIV. [=1764] 
300 |a [16] s.  |c 21 cm 
500 |a Vineta. Ozdobná linka. Ozdobná iniciála. Zložky. Kustody 
501 |a Prív. 1. k: JÁN ZLATOÚSTY. Homiliae XXI. de statuis. [Tyrnaviae] : [Typis Academicis Societatis Jesu], 1763.  |5 SNK SC 42643/2/prív.1 
510 4 |a Petrik  |c V/208 
550 |a Impresum podľa Petrika 
650 0 7 |a filozofia  |2 SNKPH  |9 793 
655 7 |a promočné tlače  |2 SNKPH  |9 73127 
700 1 |a Kozma, František Xaver,  |d 1728-1806  |4 aut  |9 630543 
700 1 |a Radič, Anton,  |d 1726-1773  |4 aut  |9 444989 
700 1 |a Adorján, Michael  |4 dis  |4 dto  |9 630544 
700 1 |a Koller, Ignác  |4 dte  |4 pat  |9 578637 
710 2 |a Akademická tlačiareň (Trnava, Slovensko)  |4 prt  |9 232890 
852 |a snk  |p SC 42643/2/prív.1 
958 |a ONDV 
958 |a DD 
999 |c 970208  |d 972138 
952 |a SNK  |b SNK  |y PREZ  |7 0  |p 17A1484242  |o snkSC 42643/2/prív. 1  |i snkF 2617/78  |8 5  |0 0  |1 0  |4 0  |d 1996-05-27  |l 0  |r 2025-10-21 00:00:00  |w 2026-02-24